000 00293nam a22001337a 4500
008 181107b xxu||||| |||| 00| 0 eng d
020 _a0134918606
041 _aeng
080 _a101
100 _a24
101 _aFIL
245 _aIntroduction to Philosophy
_cScherer,D
942 _2udc
_cBK
999 _c52086
_d52086